[Event "Kavala op 15th"]
[Site "Kavala"]
[Date "2006.07.11"]
[Round "9"]
[White "Palekha, Alexey"]
[Black "Marjanovic, Slavoljub"]
[Result "1/2-1/2"]
[WhiteElo "2353"]
[BlackElo "2494"]
[PlyCount "50"]
[EventDate "2006.07.04"]
[EventType "swiss"]
[EventRounds "9"]
[EventCountry "GRE"]
[SourceTitle "CBM 113 Extra"]
[Source "ChessBase"]
[SourceDate "2006.09.14"]
[SourceVersion "1"]
[SourceVersionDate "2006.09.14"]
[SourceQuality "1"]

1. Nc3 c5 2. e4 e6 3. Nf3 Nc6 4. d4 cxd4 5. Nxd4 Qc7 6. g3 a6 7. Bg2 d6 8. 0-0 Bd7 9. Re1 Be7 10. Nxc6 Bxc6 11. Qg4 h5 12. Qe2 h4 13. a4 hxg3 14. hxg3 Nf6 15. Be3 Rc8 16. Rad1 Kf8 17. Bf4 Nd7 18. Nb5 axb5 19. axb5 g6 20. bxc6 bxc6 21. Qd2 Ne5 22. b3 Kg7 23. Bxe5+ dxe5 24. Qd7 Bb4 25. Qxc7 Rxc7 1/2-1/2

[Event "Kavala op 15th"]
[Site "Kavala"]
[Date "2006.07.10"]
[Round "8"]
[White "Stefanova, Antoaneta"]
[Black "Palekha, Alexey"]
[Result "1/2-1/2"]
[WhiteElo "2520"]
[BlackElo "2353"]
[PlyCount "110"]
[EventDate "2006.07.04"]
[EventType "swiss"]
[EventRounds "9"]
[EventCountry "GRE"]
[SourceTitle "CBM 113 Extra"]
[Source "ChessBase"]
[SourceDate "2006.09.14"]
[SourceVersion "1"]
[SourceVersionDate "2006.09.14"]
[SourceQuality "1"]

1. d4 d6 2. e4 e5 3. Nf3 exd4 4. Nxd4 Nf6 5. Nc3 Be7 6. g3 d5 7. e5 Ng4 8. Bg2 Nxe5 9. Qe2 Nbc6 10. Nxc6 Nxc6 11. Nxd5 Be6 12. Nxe7 Qxe7 13. 0-0 0-0 14. Re1 Rad8 15. c3 Rd7 16. Bf4 Qc5 17. Be4 a6 18. a4 h6 19. Rac1 a5 20. Ra1 Nd8 21. Be3 Qe7 22. Qb5 b6 23. b4 f5 24. Bg2 Qf7 25. bxa5 Bc4 26. Qb4 bxa5 27. Qxa5 Ne6 28. f4 g5 29. Qe5 gxf4 30. Bxf4 Nxf4 31. Qxf4 Bd5 32. Bxd5 Qxd5 33. Re5 Qd3 34. Re3 Qc2 35. Rae1 Rd2 36. Qxh6 Qxa4 37. Qg6+ Kh8 38. Qh6+ Kg8 39. Qg5+ Kh8 40. Qh5+ Kg8 41. Qg5+ Kh8 42. Re7 Qa7+ 43. Qe3 Qxe3+ 44. R1xe3 c6 45. Re8 Rxe8 46. Rxe8+ Kg7 47. Re6 c5 48. Re5 Kg6 49. Rxc5 Rc2 50. h3 Kg5 51. g4 Kf4 52. gxf5 Kf3 53. h4 Rc1+ 54. Kh2 Rc2+ 55. Kh3 Rc1 1/2-1/2

[Event "Nikaia op 13th"]
[Site "Nikaia"]
[Date "2005.08.28"]
[Round "7"]
[White "Klokas, Konstantinos"]
[Black "Palekha, Alexey"]
[Result "0-1"]
[WhiteElo "2258"]
[BlackElo "2345"]
[PlyCount "28"]
[EventDate "2005.08.23"]
[EventType "swiss"]
[EventRounds "9"]
[EventCountry "GRE"]
[SourceTitle "CBM 108 Extra"]
[Source "ChessBase"]
[SourceDate "2005.11.04"]
[SourceVersion "1"]
[SourceVersionDate "2005.11.04"]
[SourceQuality "1"]

1. e4 e6 2. d4 d5 3. e5 c5 4. c3 Nc6 5. Nf3 Bd7 6. Be2 f6 7. Bf4 Qb6 8. Qd2 g5 9. exf6 gxf4 10. Qxf4 0-0-0 11. g4 Qxb2 12. 0-0 Qxa1 13. Na3 Qxc3 14. Nb5 Qa5 0-1

[Event "Kavala op 14th"]
[Site "Kavala"]
[Date "2005.08.19"]
[Round "9"]
[White "Mateuta, Gabriel"]
[Black "Palekha, Alexey"]
[Result "1/2-1/2"]
[WhiteElo "2465"]
[BlackElo "2345"]
[PlyCount "63"]
[EventDate "2005.08.12"]
[EventType "swiss"]
[EventRounds "9"]
[EventCountry "GRE"]
[SourceTitle "CBM 107 Extra"]
[Source "ChessBase"]
[SourceDate "2005.09.01"]
[SourceVersion "1"]
[SourceVersionDate "2005.09.01"]
[SourceQuality "1"]

1. c4 Nf6 2. d4 d6 3. Nf3 g6 4. g3 Bg7 5. Bg2 0-0 6. 0-0 c6 7. Nc3 Nbd7 8. Qc2 e5 9. Rd1 Qe7 10. b3 exd4 11. Nxd4 Nc5 12. Bf4 Ne8 13. Qd2 Ne6 14. Nxe6 Bxe6 15. Rac1 Be5 16. Bh6 Bg7 17. Bxg7 Kxg7 18. Qd4+ f6 19. Rd2 a6 20. Rcd1 Kg8 21. Ne4 Rd8 22. Qe3 Bf5 23. Nxd6 Qxe3 24. fxe3 Nxd6 25. Rxd6 Rxd6 26. Rxd6 Kf7 27. Kf2 Ke7 28. Rd2 Be6 29. e4 c5 30. a4 b5 31. axb5 axb5 32. Ra2 1/2-1/2

[Event "Kavala op 14th"]
[Site "Kavala"]
[Date "2005.??.??"]
[Round "5"]
[White "Vajda, Levente"]
[Black "Palekha, Alexey"]
[Result "1-0"]
[WhiteElo "2541"]
[BlackElo "2345"]
[PlyCount "109"]
[EventDate "2005.08.12"]
[EventType "swiss"]
[EventRounds "9"]
[EventCountry "GRE"]
[SourceTitle "CBM 107 Extra"]
[Source "ChessBase"]
[SourceDate "2005.09.01"]
[SourceVersion "1"]
[SourceVersionDate "2005.09.01"]
[SourceQuality "1"]

1. e4 e5 2. Nf3 d6 3. d4 exd4 4. Nxd4 Nf6 5. Nc3 Be7 6. Be2 0-0 7. 0-0 Re8 8. Re1 Bf8 9. Bg5 h6 10. Bxf6 Qxf6 11. Nd5 Qd8 12. Bc4 c6 13. Nf4 Nd7 14. Nf3 Qf6 15. Nd3 Ne5 16. Nfxe5 dxe5 17. Re3 Be6 18. Rf3 Qd8 19. Bb3 Qc7 20. Qe1 Rad8 21. Qc3 Rd4 22. Re1 g6 23. Rf6 Bg7 24. Rf3 Bf8 25. Kf1 a5 26. Bxe6 Rxe6 27. a3 a4 28. Nf4 Red6 29. Rd3 Qb6 30. Rxd4 Qxd4 31. Qxd4 Rxd4 32. Nd3 f6 33. f3 Kf7 34. Ke2 Ke6 35. Rd1 Rd7 36. Nf2 Rxd1 37. Nxd1 Bc5 38. Kd3 Bd4 39. Kc4 Kd6 40. Kb4 b5 41. c4 Bc5+ 42. Ka5 bxc4 43. h3 Bd4 44. Kb4 c5+ 45. Kb5 h5 46. Nc3 f5 47. Nxa4 fxe4 48. fxe4 g5 49. g4 hxg4 50. hxg4 Be3 51. Nb6 Bd4 52. Nxc4+ Kc7 53. a4 Kb7 54. b3 Kc7 55. Nd2 1-0

[Event "Serpukhov Lushki-A"]
[Site "Serpukhov"]
[Date "2004.11.30"]
[Round "15"]
[White "Palekha, Alexey"]
[Black "Khismatullin, Denis Rimovich"]
[Result "0-1"]
[WhiteElo "2400"]
[BlackElo "2552"]
[PlyCount "90"]
[EventDate "2004.11.19"]
[EventType "tourn"]
[EventRounds "15"]
[EventCountry "RUS"]
[EventCategory "7"]
[SourceTitle "CBM 103 Extra"]
[Source "ChessBase"]
[SourceDate "2005.01.01"]
[SourceVersion "1"]
[SourceVersionDate "2005.01.01"]
[SourceQuality "1"]

1. e4 c5 2. Nf3 d6 3. d4 cxd4 4. Nxd4 Nf6 5. Nc3 a6 6. f4 e5 7. Nf3 Nbd7 8. Bd3 Be7 9. 0-0 b5 10. a3 0-0 11. Qe2 Bb7 12. Kh1 Rc8 13. Bd2 Re8 14. Rae1 Bf8 15. Qf2 Nc5 16. b4 Ncd7 17. Nh4 Nb6 18. fxe5 dxe5 19. Nf5 Re6 20. Qg3 Kh8 21. Qh4 Ng8 22. Qf2 f6 23. Rd1 Ne7 24. Ne2 Nxf5 25. Qxf5 Rd6 26. Ng3 Nc4 27. Bc1 a5 28. Qf3 Rd7 29. Qg4 Qc7 30. c3 Rcd8 31. Be2 Nd6 32. Bb2 Ra8 33. Bd3 axb4 34. axb4 Ra2 35. Qe2 Nc4 36. Bxc4 bxc4 37. Rxd7 Qxd7 38. Rd1 Qc8 39. Kg1 g6 40. Ra1 Rxa1+ 41. Bxa1 h5 42. Nf1 Bh6 43. Ne3 Qa8 44. Bb2 Qa7 45. Bc1 Bxe4 0-1

[Event "Serpukhov Lushki-A"]
[Site "Serpukhov"]
[Date "2004.11.23"]
[Round "7"]
[White "Gasanov, Eldar"]
[Black "Palekha, Alexey"]
[Result "1-0"]
[WhiteElo "2445"]
[BlackElo "2400"]
[PlyCount "89"]
[EventDate "2004.11.19"]
[EventType "tourn"]
[EventRounds "15"]
[EventCountry "RUS"]
[EventCategory "7"]
[SourceTitle "CBM 103 Extra"]
[Source "ChessBase"]
[SourceDate "2005.01.01"]
[SourceVersion "1"]
[SourceVersionDate "2005.01.01"]
[SourceQuality "1"]

1. e4 e6 2. d3 d5 3. Qe2 Nf6 4. Nf3 Be7 5. g3 b5 6. Bg2 dxe4 7. dxe4 b4 8. Nbd2 Ba6 9. Nc4 Nc6 10. Nd6+ cxd6 11. Qxa6 Rc8 12. Qe2 d5 13. exd5 Nxd5 14. 0-0 0-0 15. Rd1 Bf6 16. a3 a5 17. h4 Qb6 18. axb4 axb4 19. Qe4 Be7 20. Bf1 Bc5 21. Qe1 Nd4 22. Nxd4 Bxd4 23. Bd3 e5 24. Ra6 Qc5 25. g4 Kh8 26. h5 f5 27. gxf5 Nf6 28. Kg2 e4 29. Bxe4 Rce8 30. Re6 Rxe6 31. fxe6 Nxe4 32. Qxe4 Rxf2+ 33. Kg3 Be5+ 34. Kg4 Rf8 35. Be3 Qb5 36. Rd3 Bc7 37. e7 Re8 38. h6 Be5 39. Rd8 Qe2+ 40. Kf5 Qh5+ 41. Bg5 Bd6 42. Rxe8+ Qxe8 43. hxg7+ Kxg7 44. Bf6+ Kg8 45. Qe6+ 1-0

[Event "Serpukhov Lushki-A"]
[Site "Serpukhov"]
[Date "2004.11.23"]
[Round "6"]
[White "Palekha, Alexey"]
[Black "Isajevsky, Anton"]
[Result "1-0"]
[WhiteElo "2400"]
[BlackElo "2432"]
[PlyCount "57"]
[EventDate "2004.11.19"]
[EventType "tourn"]
[EventRounds "15"]
[EventCountry "RUS"]
[EventCategory "7"]
[SourceTitle "CBM 103 Extra"]
[Source "ChessBase"]
[SourceDate "2005.01.01"]
[SourceVersion "1"]
[SourceVersionDate "2005.01.01"]
[SourceQuality "1"]

1. e4 c5 2. Nf3 d6 3. d4 cxd4 4. Nxd4 Nf6 5. Nc3 a6 6. f4 e5 7. Nf3 Nbd7 8. Bd3 Be7 9. 0-0 0-0 10. Kh1 b5 11. a3 Bb7 12. Qe2 Rc8 13. Bd2 Re8 14. Rae1 exf4 15. Bxf4 Bf8 16. Qd2 Qb6 17. Be3 Qd8 18. Bf4 Qa5 19. e5 dxe5 20. Nxe5 Nxe5 21. Bxe5 Ng4 22. Qf4 Nxe5 23. Rxe5 f6 24. Rh5 h6 25. Qf5 Qb6 26. Rxh6 Kf7 27. Qd7+ Re7 28. Bg6+ Kg8 29. Rh8+ 1-0

[Event "Serpukhov Lushki-A"]
[Site "Serpukhov"]
[Date "2004.11.20"]
[Round "3"]
[White "Ostrovskiy, Andrey"]
[Black "Palekha, Alexey"]
[Result "1/2-1/2"]
[WhiteElo "2297"]
[BlackElo "2400"]
[PlyCount "30"]
[EventDate "2004.11.19"]
[EventType "tourn"]
[EventRounds "15"]
[EventCountry "RUS"]
[EventCategory "7"]
[SourceTitle "CBM 103 Extra"]
[Source "ChessBase"]
[SourceDate "2005.01.01"]
[SourceVersion "1"]
[SourceVersionDate "2005.01.01"]
[SourceQuality "1"]

1. e4 e5 2. Nf3 d6 3. d4 exd4 4. Nxd4 Nf6 5. Nc3 Be7 6. Be2 0-0 7. 0-0 Re8 8. f4 Bf8 9. Bf3 c5 10. Nb3 Nc6 11. Re1 a5 12. a4 Be6 13. Be3 Nb4 14. Bf2 Qb6 15. Nd2 g6 1/2-1/2

[Event "Serpukhov Lushki-A"]
[Site "Serpukhov"]
[Date "2004.11.19"]
[Round "1"]
[White "Papin, Vasily"]
[Black "Palekha, Alexey"]
[Result "1-0"]
[WhiteElo "2411"]
[BlackElo "2400"]
[PlyCount "85"]
[EventDate "2004.11.19"]
[EventType "tourn"]
[EventRounds "15"]
[EventCountry "RUS"]
[EventCategory "7"]
[SourceTitle "CBM 103 Extra"]
[Source "ChessBase"]
[SourceDate "2005.01.01"]
[SourceVersion "1"]
[SourceVersionDate "2005.01.01"]
[SourceQuality "1"]

1. e4 e6 2. d4 d5 3. Nd2 Nf6 4. e5 Nfd7 5. Bd3 b6 6. Ne2 c5 7. c3 Ba6 8. Bxa6 Nxa6 9. 0-0 b5 10. Nf4 Qb6 11. dxc5 Naxc5 12. Re1 g5 13. Nh5 Nd3 14. Re3 N3xe5 15. Nf3 Nxf3+ 16. Qxf3 Qc6 17. a4 Rg8 18. axb5 Qxb5 19. Ng3 Be7 20. Ne2 g4 21. Qg3 Qb8 22. Nf4 Nc5 23. Re1 Bd6 24. c4 dxc4 25. Qe3 Bxf4 26. Qxc5 Bxh2+ 27. Kh1 Bd6 28. Qxc4 Ke7 29. Qc6 Qb4 30. Re4 Qc5 31. Qb7+ Kf6 32. Bf4 Qd5 33. Qxd5 exd5 34. Rd4 Be5 35. Rb4 Rab8 36. Bxe5+ Kxe5 37. Re1+ Kd6 38. Rf4 Rb7 39. Rf5 Rxb2 40. Rf6+ Kc5 41. Rc1+ Kd4 42. Rxf7 g3 43. Rd1+ 1-0

[Event "Serpukhov-A"]
[Site "Serpukhov"]
[Date "2004.09.04"]
[Round "14"]
[White "Palekha, Alexey"]
[Black "Komliakov, Viktor"]
[Result "1/2-1/2"]
[WhiteElo "2439"]
[BlackElo "2435"]
[PlyCount "95"]
[EventDate "2004.08.26"]
[EventType "tourn"]
[EventRounds "17"]
[EventCountry "RUS"]
[EventCategory "6"]
[SourceTitle "EXT 2006"]
[Source "ChessBase"]
[SourceDate "2005.11.24"]
[SourceVersion "1"]
[SourceVersionDate "2005.11.24"]
[SourceQuality "1"]

1. e4 e5 2. Nf3 Nc6 3. Bc4 Nf6 4. d4 exd4 5. e5 d5 6. Bb5 Ne4 7. Nxd4 Bd7 8. Bxc6 bxc6 9. 0-0 Bc5 10. f3 Ng5 11. f4 Ne4 12. Be3 Bb6 13. Nd2 Nxd2 14. Qxd2 c5 15. Nf3 d4 16. Bf2 Bc6 17. f5 Bxf3 18. gxf3 Qd5 19. Bh4 Kd7 20. Bg3 Kc6 21. Kh1 f6 22. a4 a5 23. exf6 gxf6 24. Qf4 Rhe8 25. Rfe1 c4 26. Re4 Re5 27. Rxe5 fxe5 28. Qe4 Qxe4 29. fxe4 Bc5 30. Bxe5 Re8 31. Bg7 Rxe4 32. Rf1 d3 33. cxd3 cxd3 34. Bc3 Bb4 35. Bxb4 axb4 36. f6 d2 37. f7 Re1 38. f8Q d1Q 39. Qa8+ Kd7 40. Rxe1 Qxe1+ 41. Kg2 Qe2+ 42. Kg3 Qxb2 43. Qd5+ Ke7 44. Qc5+ Ke6 45. Qc6+ Kf5 46. Qd7+ Kg6 47. Qe6+ Kg7 48. Qe7+ 1/2-1/2

[Event "Serpukhov-A"]
[Site "Serpukhov"]
[Date "2004.09.01"]
[Round "10"]
[White "Chebotarev, Oleg"]
[Black "Palekha, Alexey"]
[Result "1-0"]
[WhiteElo "2421"]
[BlackElo "2439"]
[PlyCount "55"]
[EventDate "2004.08.26"]
[EventType "tourn"]
[EventRounds "17"]
[EventCountry "RUS"]
[EventCategory "6"]
[SourceTitle "EXT 2006"]
[Source "ChessBase"]
[SourceDate "2005.11.24"]
[SourceVersion "1"]
[SourceVersionDate "2005.11.24"]
[SourceQuality "1"]

1. e4 e5 2. Nf3 d6 3. d4 exd4 4. Nxd4 Nf6 5. Nc3 Be7 6. h3 0-0 7. Nde2 c6 8. g4 b5 9. a3 Bb7 10. Bg2 a5 11. Ng3 b4 12. Nce2 d5 13. e5 Nfd7 14. f4 Bc5 15. g5 Qb6 16. Nf5 Re8 17. axb4 axb4 18. Rxa8 Bxa8 19. Ned4 Na6 20. Be3 Nc7 21. 0-0 Nb5 22. Kh1 Bxd4 23. Bxd4 c5 24. e6 fxe6 25. Qh5 Qd8 26. g6 Nf6 27. Nh6+ gxh6 28. gxh7+ 1-0

[Event "Serpukhov-G"]
[Site "Serpukhov"]
[Date "2003.??.??"]
[Round "6"]
[White "Abrashkin, Boris Vladimirovich"]
[Black "Palekha, Alexey"]
[Result "1/2-1/2"]
[WhiteElo "2390"]
[BlackElo "2421"]
[PlyCount "42"]
[EventDate "2003.??.??"]
[EventType "tourn"]
[EventRounds "13"]
[EventCountry "RUS"]
[SourceTitle "EXT 2005"]
[Source "ChessBase"]
[SourceDate "2004.11.15"]
[SourceVersion "1"]
[SourceVersionDate "2004.11.15"]
[SourceQuality "1"]

1. d4 d5 2. c4 e6 3. Nc3 c6 4. e4 Bb4 5. cxd5 cxd5 6. exd5 exd5 7. Bd3 Nc6 8. Nge2 Nge7 9. 0-0 Bf5 10. Bxf5 Nxf5 11. Nf4 0-0 12. Ncxd5 Bd6 13. Be3 Bxf4 14. Nxf4 Nfxd4 15. Qg4 Qc8 16. Qh5 Nc2 17. Rad1 Nxe3 18. fxe3 Qe8 19. Nd5 Rd8 20. Rd2 Qe6 21. Rfd1 Kh8 1/2-1/2

[Event "Serpukhov-A"]
[Site "Serpukhov"]
[Date "2003.??.??"]
[Round "10"]
[White "Palekha, Alexey"]
[Black "Bocharov, Dmitry"]
[Result "1-0"]
[WhiteElo "2421"]
[BlackElo "2524"]
[PlyCount "59"]
[EventDate "2003.01.??"]
[EventType "tourn"]
[EventRounds "17"]
[EventCountry "RUS"]
[EventCategory "8"]
[SourceTitle "EXT 2004"]
[Source "ChessBase"]
[SourceDate "2003.11.25"]
[SourceVersion "1"]
[SourceVersionDate "2003.11.25"]
[SourceQuality "1"]

1. e4 c5 2. Nf3 Nc6 3. d4 cxd4 4. Nxd4 Nf6 5. Nc3 d6 6. Bg5 Qb6 7. Nb3 e6 8. Qd2 a6 9. f3 Be7 10. 0-0-0 0-0 11. g4 Rd8 12. Be3 Qc7 13. g5 Nd7 14. Qf2 b5 15. h4 Nce5 16. Kb1 b4 17. Ne2 a5 18. h5 a4 19. Nbd4 Nc5 20. g6 Bf6 21. Nb5 Qb6 22. Ned4 Ra5 23. Qe2 Bb7 24. gxh7+ Kh8 25. Rg1 Rd7 26. Bh6 g6 27. hxg6 Nxg6 28. Bc1 d5 29. exd5 Bxd5 30. Qd2 1-0

[Event "Serpukhov-G"]
[Site "Serpukhov"]
[Date "2003.??.??"]
[Round "12"]
[White "Palekha, Alexey"]
[Black "Kochetkov, German"]
[Result "0-1"]
[WhiteElo "2421"]
[BlackElo "2315"]
[PlyCount "38"]
[EventDate "2003.??.??"]
[EventType "tourn"]
[EventRounds "13"]
[EventCountry "RUS"]
[SourceTitle "EXT 2005"]
[Source "ChessBase"]
[SourceDate "2004.11.15"]
[SourceVersion "1"]
[SourceVersionDate "2004.11.15"]
[SourceQuality "1"]

1. d4 d6 2. e4 Nf6 3. f3 g6 4. c4 Bg7 5. Nc3 0-0 6. Bg5 Nc6 7. Nge2 e5 8. d5 Ne7 9. Qc2 Ne8 10. g4 f6 11. Bh4 c5 12. Bf2 f5 13. h3 a6 14. Nc1 Bd7 15. Bd3 Rb8 16. a4 fxg4 17. fxg4 Nc7 18. a5 b5 19. axb6 Rxb6 0-1

[Event "Serpukhov-G"]
[Site "Serpukhov"]
[Date "2003.??.??"]
[Round "7"]
[White "Palekha, Alexey"]
[Black "Zhidkov, Valery S"]
[Result "1/2-1/2"]
[WhiteElo "2421"]
[BlackElo "2372"]
[PlyCount "41"]
[EventDate "2003.??.??"]
[EventType "tourn"]
[EventRounds "13"]
[EventCountry "RUS"]
[SourceTitle "EXT 2005"]
[Source "ChessBase"]
[SourceDate "2004.11.15"]
[SourceVersion "1"]
[SourceVersionDate "2004.11.15"]
[SourceQuality "1"]

1. e4 e5 2. Nf3 Nc6 3. Bc4 Nf6 4. d3 h6 5. 0-0 d6 6. c3 g6 7. Re1 Bg7 8. h3 0-0 9. Bb3 Bd7 10. Nbd2 Na5 11. Bc2 c5 12. Nc4 Nxc4 13. dxc4 Bc6 14. Nh2 a6 15. a4 b6 16. Ng4 Nxg4 17. hxg4 Qd7 18. Bd3 Rfb8 19. f4 Bf8 20. Qb3 Qe6 21. Qc2 1/2-1/2

[Event "Chigorin Memorial-A 10th"]
[Site "St Petersburg"]
[Date "2002.11.02"]
[Round "8"]
[White "Palekha, Alexey"]
[Black "Zablotsky, Sergei"]
[Result "1/2-1/2"]
[WhiteElo "2409"]
[BlackElo "2391"]
[PlyCount "50"]
[EventDate "2002.10.25"]
[EventType "swiss"]
[EventRounds "9"]
[EventCountry "RUS"]
[SourceTitle "EXT 2003"]
[Source "ChessBase"]
[SourceDate "2002.11.25"]
[SourceVersion "1"]
[SourceVersionDate "2002.11.25"]
[SourceQuality "1"]

1. e4 d6 2. d4 Nf6 3. Nc3 e5 4. f4 exd4 5. Qxd4 Nc6 6. Bb5 Bd7 7. Qd3 g6 8. Nf3 Bg7 9. 0-0 0-0 10. Bxc6 Bxc6 11. Nd4 Qd7 12. Bd2 Rae8 13. Rae1 a6 14. Kh1 b5 15. Nxc6 Qxc6 16. Nd5 Nxd5 17. exd5 Qa8 18. f5 Rxe1 19. Bxe1 Qd8 20. Bc3 Bxc3 21. Qxc3 Re8 22. f6 Re5 23. Qd2 Qa8 24. Qh6 Qf8 25. Qd2 Qa8 1/2-1/2

[Event "Chigorin Memorial-A 10th"]
[Site "St Petersburg"]
[Date "2002.11.01"]
[Round "7"]
[White "Orlinkov, Maxim L"]
[Black "Palekha, Alexey"]
[Result "0-1"]
[WhiteElo "2399"]
[BlackElo "2409"]
[PlyCount "136"]
[EventDate "2002.10.25"]
[EventType "swiss"]
[EventRounds "9"]
[EventCountry "RUS"]
[SourceTitle "EXT 2003"]
[Source "ChessBase"]
[SourceDate "2002.11.25"]
[SourceVersion "1"]
[SourceVersionDate "2002.11.25"]
[SourceQuality "1"]

1. d4 d5 2. c4 e6 3. Nf3 c6 4. Qc2 dxc4 5. Qxc4 Nf6 6. Bg5 b5 7. Qc2 Bb7 8. e3 Nbd7 9. Bd3 Qb6 10. Bxf6 Nxf6 11. Nc3 Rc8 12. a4 a6 13. 0-0 Be7 14. Rfb1 Nd5 15. Nxd5 cxd5 16. Qb3 b4 17. a5 Qd6 18. Qd1 0-0 19. Nd2 e5 20. dxe5 Qxe5 21. Nf3 Qd6 22. Nd4 g6 23. g3 Rc7 24. Bf1 Bf6 25. Qd2 h5 26. Ra4 Be7 27. h4 Qc5 28. Raa1 Qd6 29. Rd1 Rd8 30. Qd3 Bf6 31. Bh3 Kg7 32. Rd2 Rc4 33. Ne2 Rc5 34. Bg2 Qc7 35. Ra4 Rxa5 36. Rxb4 Ra1+ 37. Rd1 Rxd1+ 38. Qxd1 a5 39. Rb5 Ba6 40. Rxd5 Rxd5 41. Bxd5 Bxb2 42. Nd4 Bb7 43. Qb3 Bxd5 44. Qxb2 Kh7 45. Qa3 Qb8 46. Qd3 Qb4 47. f3 Bc4 48. Qd1 a4 49. f4 Qc3 50. Nf3 Qxe3+ 51. Kg2 Qe2+ 52. Qxe2 Bxe2 53. Nd4 Bd1 54. Nb5 Kg7 55. Kf2 Kf6 56. Ke3 Kf5 57. Na3 Kg4 58. Kf2 Bb3 59. Nb1 Bc2 60. Na3 Bd3 61. Kg2 f5 62. Kf2 Kh3 63. Kf3 Kh2 64. Kf2 Ba6 65. Nc2 Bc4 66. Na3 Bd3 67. Kf3 Kg1 68. Ke3 Be4 0-1

[Event "Chigorin Memorial-A 10th"]
[Site "St Petersburg"]
[Date "2002.10.28"]
[Round "4"]
[White "Obukhov, Alexander"]
[Black "Palekha, Alexey"]
[Result "1-0"]
[WhiteElo "2453"]
[BlackElo "2409"]
[PlyCount "63"]
[EventDate "2002.10.25"]
[EventType "swiss"]
[EventRounds "9"]
[EventCountry "RUS"]
[SourceTitle "EXT 2003"]
[Source "ChessBase"]
[SourceDate "2002.11.25"]
[SourceVersion "1"]
[SourceVersionDate "2002.11.25"]
[SourceQuality "1"]

1. Nf3 d5 2. g3 c6 3. Bg2 Bg4 4. c4 e6 5. 0-0 Nd7 6. cxd5 exd5 7. d3 Bd6 8. Nc3 Ne7 9. h3 Bh5 10. g4 Bg6 11. e4 0-0 12. Nh4 dxe4 13. dxe4 Qc7 14. Nf5 Bxf5 15. exf5 Rad8 16. Bg5 f6 17. Be3 Bc5 18. Qb3+ Kh8 19. Ne2 Bxe3 20. fxe3 Rfe8 21. Nf4 Nf8 22. Qf7 Rc8 23. Rad1 Ng8 24. Qxc7 Rxc7 25. Rd3 Ne7 26. Rfd1 Kg8 27. h4 Kf7 28. b4 g6 29. e4 h6 30. Rd8 Rxd8 31. Rxd8 Nc8 32. Rxf8+ 1-0

[Event "Chigorin Memorial-A 10th"]
[Site "St Petersburg"]
[Date "2002.10.27"]
[Round "3"]
[White "Palekha, Alexey"]
[Black "Kuporosov, Viktor"]
[Result "1/2-1/2"]
[WhiteElo "2409"]
[BlackElo "2467"]
[PlyCount "26"]
[EventDate "2002.10.25"]
[EventType "swiss"]
[EventRounds "9"]
[EventCountry "RUS"]
[SourceTitle "EXT 2003"]
[Source "ChessBase"]
[SourceDate "2002.11.25"]
[SourceVersion "1"]
[SourceVersionDate "2002.11.25"]
[SourceQuality "1"]

1. e4 c5 2. Nf3 e6 3. d4 cxd4 4. Nxd4 a6 5. Bd3 Nf6 6. 0-0 d6 7. c4 Be7 8. Nc3 b6 9. f4 Bb7 10. Be3 Nbd7 11. Qf3 g6 12. Rad1 Qc7 13. Nb3 h5 1/2-1/2

[Event "EU-ch U18"]
[Site "Peniscola"]
[Date "2002.10.03"]
[Round "5"]
[White "Drozdovskij, Yuri"]
[Black "Palekha, Alexey"]
[Result "1-0"]
[WhiteElo "2443"]
[BlackElo "2365"]
[PlyCount "43"]
[EventDate "2002.09.29"]
[EventType "swiss"]
[EventRounds "9"]
[EventCountry "ESP"]
[SourceTitle "CBM 090 Extra"]
[Source "ChessBase"]
[SourceDate "2002.11.07"]
[SourceVersion "1"]
[SourceVersionDate "2002.11.07"]
[SourceQuality "1"]

1. Nf3 Nf6 2. d4 e6 3. c4 c5 4. d5 exd5 5. cxd5 Bd6 6. Nc3 Bc7 7. Bg5 h6 8. Bh4 d6 9. e3 a6 10. a4 Nbd7 11. Be2 0-0 12. 0-0 Qe7 13. Nd2 b6 14. Rb1 Bb7 15. b4 g5 16. Bg3 Nxd5 17. Nxd5 Bxd5 18. bxc5 bxc5 19. Bf3 Qe6 20. e4 Bc6 21. Bg4 Qe8 22. Bf5 1-0

[Event "Sudak"]
[Site "Sudak"]
[Date "2002.08.07"]
[Round "7"]
[White "Palekha, Alexey"]
[Black "Varavin, Viktor"]
[Result "1/2-1/2"]
[WhiteElo "2365"]
[BlackElo "2465"]
[PlyCount "34"]
[EventDate "2002.08.02"]
[EventType "tourn"]
[EventRounds "13"]
[EventCountry "UKR"]
[EventCategory "7"]
[SourceTitle "CBM 089 Extra"]
[Source "ChessBase"]
[SourceDate "2002.09.10"]
[SourceVersion "2"]
[SourceVersionDate "2002.09.10"]
[SourceQuality "1"]

1. e4 e5 2. Nf3 Nc6 3. Bc4 Nf6 4. d3 Be7 5. 0-0 0-0 6. Bb3 d6 7. c3 d5 8. exd5 Nxd5 9. Re1 Bg4 10. h3 Bh5 11. g4 Bg6 12. Nxe5 Nxe5 13. Rxe5 c6 14. Qf3 Bd6 15. Re1 f5 16. g5 f4 17. h4 Qd7 1/2-1/2

[Event "Sudak"]
[Site "Sudak"]
[Date "2002.08.04"]
[Round "4"]
[White "Firman, Nazar"]
[Black "Palekha, Alexey"]
[Result "1/2-1/2"]
[WhiteElo "2494"]
[BlackElo "2365"]
[PlyCount "103"]
[EventDate "2002.08.02"]
[EventType "tourn"]
[EventRounds "13"]
[EventCountry "UKR"]
[EventCategory "7"]
[SourceTitle "CBM 089 Extra"]
[Source "ChessBase"]
[SourceDate "2002.09.10"]
[SourceVersion "2"]
[SourceVersionDate "2002.09.10"]
[SourceQuality "1"]

1. e4 e6 2. d4 d5 3. Nc3 Bb4 4. e5 c5 5. a3 Bxc3+ 6. bxc3 Qc7 7. Nf3 Ne7 8. Bd3 b6 9. 0-0 Ba6 10. dxc5 bxc5 11. a4 Bxd3 12. cxd3 Nd7 13. d4 0-0 14. Ba3 Nc6 15. Re1 Na5 16. Qd3 h6 17. Nd2 Rfc8 18. c4 dxc4 19. Nxc4 Nxc4 20. Qxc4 Nb6 21. Qxc5 Nxa4 22. Qxc7 Rxc7 23. Bb4 Nc3 24. Bc5 a5 25. Re3 Nd5 26. Rb3 a4 27. Rba3 Rb7 28. g3 h5 29. h4 Kh7 30. Rxa4 Rxa4 31. Rxa4 Rb1+ 32. Kg2 Rb2 33. Ra3 Kg6 34. Rf3 Rc2 35. Kf1 Rc3 36. Rxc3 Nxc3 37. f3 Nd5 38. Ba3 Kh7 39. Bc1 Kg8 40. Ke2 Kf8 41. Kd3 Ke7 42. Kc4 Kd7 43. g4 g6 44. Kc5 Ne7 45. gxh5 gxh5 46. Bg5 Nd5 47. Kc4 Kc6 48. Kd3 Kb5 49. Bd2 Kc6 50. Bc1 Kb5 51. Bh6 Kc6 52. Bg5 1/2-1/2